[Event "Krakow op-B 27th"]
[Site "Krakow"]
[Date "2016.12.27"]
[Round "1"]
[White "Bakalarz, Leszek"]
[Black "Bouthier, Jacques"]
[Result "1-0"]
[WhiteElo "2004"]
[BlackElo "1835"]
[PlyCount "39"]
[EventDate "2016.12.27"]
[EventType "swiss"]
[EventRounds "9"]
[EventCountry "POL"]
[SourceTitle "CBM 176 Extra"]
[Source "ChessBase"]
[SourceDate "2017.03.02"]
[SourceVersion "1"]
[SourceVersionDate "2017.03.02"]
[SourceQuality "1"]

1. e4 c5 2. Nf3 d6 3. d4 cxd4 4. Nxd4 Nf6 5. Nc3 a6 6. Bg5 Nbd7 7. f4 h6 8. Bh4 Qb6 9. a3 e6 10. Bc4 Be7 11. Bf2 Qc7 12. Bxe6 fxe6 13. Nxe6 Qc4 14. Nxg7+ Kf7 15. Nf5 Nc5 16. Nxe7 Kxe7 17. Qd4 Be6 18. 0-0-0 Qxd4 19. Bxd4 Rhd8 20. e5 1-0

[Event "Naujac op"]
[Site "Naujac"]
[Date "2013.07.06"]
[Round "8"]
[White "Roumegous, Marina"]
[Black "Bouthier, Jacques"]
[Result "1-0"]
[WhiteElo "2154"]
[BlackElo "1845"]
[PlyCount "77"]
[EventDate "2013.06.30"]
[EventType "swiss"]
[EventRounds "9"]
[EventCountry "FRA"]
[SourceTitle "CBM 155 Extra"]
[Source "ChessBase"]
[SourceDate "2013.08.26"]
[SourceVersion "1"]
[SourceVersionDate "2013.08.26"]
[SourceQuality "1"]

1. d4 Nf6 2. c4 c5 3. d5 b5 4. a4 bxc4 5. Nc3 e6 6. e4 exd5 7. exd5 d6 8. Bxc4 Be7 9. Nf3 Na6 10. Bb5+ Nd7 11. 0-0 0-0 12. Bc6 Rb8 13. Nb5 Nb4 14. Nxa7 Ba6 15. Bb5 Qc7 16. Nc6 Nxc6 17. dxc6 Bxb5 18. axb5 Nb6 19. Bg5 Bxg5 20. Nxg5 Qe7 21. h4 Nc8 22. Qd3 g6 23. Rfe1 Qf6 24. Re2 d5 25. Qxd5 Rxb5 26. Ra8 h6 27. Ne4 Qd4 28. Qd7 Nb6 29. Rxf8+ Kxf8 30. Qd6+ Kg7 31. c7 Rxb2 32. Rxb2 Qxb2 33. Nxc5 Nc8 34. Qf4 Qc3 35. Nd7 Qb2 36. Kh2 Qc3 37. g3 Ne7 38. Qd6 Qe1 39. Qd4+ 1-0

[Event "Cap d'Agde CCAS op"]
[Site "Cap d'Agde"]
[Date "2010.10.25"]
[Round "3"]
[White "Vidal, Llewellyn"]
[Black "Bouthier, Jacques"]
[Result "0-1"]
[WhiteElo "1994"]
[BlackElo "1930"]
[PlyCount "98"]
[EventDate "2010.10.23"]
[EventType "swiss"]
[EventRounds "7"]
[EventCountry "FRA"]
[SourceTitle "EXT 2012"]
[Source "ChessBase"]
[SourceDate "2011.11.24"]
[SourceVersion "1"]
[SourceVersionDate "2011.11.24"]
[SourceQuality "1"]

1. Nf3 c5 2. g3 g6 3. Bg2 Bg7 4. 0-0 Nc6 5. c3 e5 6. d3 Nge7 7. e4 0-0 8. Qc2 d6 9. Be3 Bg4 10. Nbd2 Rc8 11. h3 Bd7 12. Rac1 f5 13. Nc4 Qc7 14. Qd2 b5 15. Na3 Qb8 16. Bh6 f4 17. Bxg7 Kxg7 18. d4 Rcd8 19. gxf4 Rxf4 20. dxc5 dxc5 21. Qe2 a6 22. Rcd1 Qc8 23. Kh2 Rdf8 24. Nc2 Be6 25. b3 h6 26. Nfe1 c4 27. b4 g5 28. Ne3 Ng6 29. Nd5 R4f7 30. f3 Nce7 31. Nc2 Bxd5 32. exd5 Qf5 33. Qe4 Qf4+ 34. Kg1 Nf5 35. Rfe1 Rd7 36. a4 Rfd8 37. axb5 axb5 38. Na3 Nd6 39. Qb1 Qg3 40. Nc2 Nf4 41. Rd2 Nxh3+ 42. Kf1 Rf8 43. Qd1 e4 44. Re3 Qh2 45. Bxh3 Qxh3+ 46. Kg1 exf3 47. Nd4 f2+ 48. Rxf2 Qxe3 49. Ne6+ Kg8 0-1

[Event "Condom op"]
[Site "Condom"]
[Date "2008.??.??"]
[Round "1"]
[White "Bouthier, Jacques"]
[Black "Bujisho, Benjamin"]
[Result "0-1"]
[WhiteElo "1965"]
[BlackElo "2402"]
[PlyCount "78"]
[EventDate "2008.07.12"]
[EventType "swiss"]
[EventRounds "9"]
[EventCountry "FRA"]
[SourceTitle "EXT 2009"]
[Source "ChessBase"]
[SourceDate "2008.11.26"]
[SourceVersion "1"]
[SourceVersionDate "2008.11.26"]
[SourceQuality "1"]

1. e4 c5 2. Nf3 a6 3. d4 cxd4 4. c3 d3 5. Bxd3 d6 6. 0-0 e6 7. c4 Nf6 8. Nc3 Be7 9. Be3 Nbd7 10. Rc1 0-0 11. Nd4 Qc7 12. Bb1 b6 13. f4 Bb7 14. Qe2 Rac8 15. b3 Qb8 16. Kh1 Rfe8 17. Bg1 Qa8 18. Nf3 g6 19. f5 Bf8 20. fxe6 fxe6 21. Bd4 Bg7 22. e5 Bxf3 23. Rxf3 Nxe5 24. Rg3 Nh5 25. Bxe5 dxe5 26. Rf3 Rf8 27. Rxf8+ Rxf8 28. Ne4 Qd8 29. Rd1 Qh4 30. g3 Qe7 31. Qe3 Qc7 32. Bc2 Nf6 33. Nxf6+ Rxf6 34. Qe4 Bf8 35. h4 Bc5 36. Qg4 Qf7 37. Rd8+ Kg7 38. Be4 h5 39. Qg5 Rf1+ 0-1

[Event "Condom op"]
[Site "Condom"]
[Date "2008.??.??"]
[Round "5"]
[White "Bouthier, Jacques"]
[Black "Bulteau, Sarah"]
[Result "0-1"]
[WhiteElo "1965"]
[BlackElo "1909"]
[PlyCount "70"]
[EventDate "2008.07.12"]
[EventType "swiss"]
[EventRounds "9"]
[EventCountry "FRA"]
[SourceTitle "EXT 2009"]
[Source "ChessBase"]
[SourceDate "2008.11.26"]
[SourceVersion "1"]
[SourceVersionDate "2008.11.26"]
[SourceQuality "1"]

1. e4 c5 2. Nf3 e6 3. d4 cxd4 4. Nxd4 Nf6 5. Nc3 a6 6. Bd3 Nc6 7. Nxc6 bxc6 8. 0-0 Qc7 9. f4 Bb7 10. e5 Nd5 11. Ne4 c5 12. c4 Nb4 13. Bb1 Bxe4 14. Bxe4 Rb8 15. Kh1 Be7 16. Bd2 f5 17. exf6 Bxf6 18. Bc3 Ke7 19. f5 e5 20. Qd2 d6 21. g4 h6 22. Qg2 Rhc8 23. Qf2 Nc6 24. h4 Nd4 25. Qe1 Rf8 26. b3 Kd7 27. Rd1 Qd8 28. g5 hxg5 29. b4 Rh8 30. a4 Rxh4+ 31. Kg1 Qh8 32. b5 Rg4+ 33. Bg2 Qh3 34. Qd2 Rh8 35. Bxd4 Qh2+ 0-1

[Event "Patrimonio op 2nd"]
[Site "Alcala de Henares"]
[Date "2007.10.07"]
[Round "1"]
[White "Bouthier, Jacques"]
[Black "Vazquez Igarza, Renier"]
[Result "0-1"]
[WhiteElo "1959"]
[BlackElo "2553"]
[PlyCount "40"]
[EventDate "2007.10.07"]
[EventType "swiss"]
[EventRounds "9"]
[EventCountry "ESP"]
[SourceTitle "EXT 2008"]
[Source "ChessBase"]
[SourceDate "2007.11.25"]
[SourceVersion "1"]
[SourceVersionDate "2007.11.25"]
[SourceQuality "1"]

1. e4 e5 2. Nf3 Nf6 3. Nxe5 d6 4. Nf3 Nxe4 5. d4 d5 6. Bd3 Bd6 7. 0-0 0-0 8. c4 c6 9. Nc3 Nxc3 10. bxc3 Bg4 11. Re1 dxc4 12. Bxc4 Nd7 13. h3 Bh5 14. Be2 Re8 15. c4 c5 16. Bb2 Qc7 17. Qd3 Bg6 18. Qc3 cxd4 19. Qxd4 Nf6 20. Qh4 Bb4 0-1

[Event "Condom op 5th"]
[Site "Condom"]
[Date "2006.07.13"]
[Round "7"]
[White "Canivet, Christophe"]
[Black "Bouthier, Jacques"]
[Result "0-1"]
[WhiteElo "1872"]
[BlackElo "1982"]
[PlyCount "57"]
[EventDate "2006.07.08"]
[EventType "swiss"]
[EventRounds "9"]
[EventCountry "FRA"]
[SourceTitle "CBM 113 Extra"]
[Source "ChessBase"]
[SourceDate "2006.09.14"]
[SourceVersion "1"]
[SourceVersionDate "2006.09.14"]
[SourceQuality "1"]

1. e4 c5 2. Nf3 Nc6 3. d4 cxd4 4. Nxd4 Nf6 5. Nc3 e5 6. Ndb5 d6 7. Bd3 a6 8. Na3 b5 9. Nd5 Be7 10. c3 0-0 11. 0-0 Nxd5 12. exd5 Nb8 13. Nc2 f5 14. f4 Bb7 15. fxe5 dxe5 16. Bxf5 Qxd5 17. Qxd5+ Bxd5 18. Be3 g6 19. Bd3 Nc6 20. a3 Na5 21. Nb4 Bb7 22. Bc2 Kg7 23. Nd3 Nc4 24. Rfe1 Nxe3 25. Rxe3 e4 26. b4 Bg5 27. Rg3 exd3 28. Rxg5 dxc2 29. Rc1 0-1

[Event "Villeneuve Tolosane op"]
[Site "Villeneuve Tolosane"]
[Date "2006.02.28"]
[Round "3.9"]
[White "Sakelsek, Tadej"]
[Black "Bouthier, Jacques"]
[Result "1-0"]
[WhiteElo "2418"]
[BlackElo "2004"]
[PlyCount "47"]
[EventDate "2006.02.26"]
[EventType "swiss"]
[EventRounds "9"]
[EventCountry "FRA"]
[SourceTitle "CBM 111 Extra"]
[Source "ChessBase"]
[SourceDate "2006.05.09"]
[SourceVersion "1"]
[SourceVersionDate "2006.05.09"]
[SourceQuality "1"]

1. e4 c5 2. Nf3 Nc6 3. d4 cxd4 4. Nxd4 Nf6 5. Nc3 e5 6. Ndb5 d6 7. Nd5 Nxd5 8. exd5 Nb8 9. a4 Be7 10. Be3 0-0 11. a5 a6 12. Bb6 axb5 13. Bxd8 Bxd8 14. Bxb5 f5 15. 0-0 Nd7 16. b4 Nf6 17. c4 Ne4 18. Qc2 Bf6 19. c5 dxc5 20. bxc5 Kh8 21. Bd3 Ng5 22. Bxf5 Bxf5 23. Qxf5 Rad8 24. d6 1-0

[Event "Condom op 4th"]
[Site "Condom"]
[Date "2005.07.13"]
[Round "6"]
[White "Bouthier, Jacques"]
[Black "Vilpoux, Jeremie"]
[Result "1/2-1/2"]
[WhiteElo "2015"]
[BlackElo "2090"]
[PlyCount "66"]
[EventDate "2005.07.09"]
[EventType "swiss"]
[EventRounds "9"]
[EventCountry "FRA"]
[SourceTitle "CBM 107 Extra"]
[Source "ChessBase"]
[SourceDate "2005.09.01"]
[SourceVersion "1"]
[SourceVersionDate "2005.09.01"]
[SourceQuality "1"]

1. e4 g6 2. d4 Bg7 3. Nf3 d6 4. h3 a6 5. a4 Nd7 6. Bc4 e6 7. Nc3 Ne7 8. Bg5 h6 9. Be3 b6 10. 0-0 0-0 11. Qd2 Kh7 12. Nh2 Bb7 13. f4 d5 14. exd5 Nxd5 15. f5 gxf5 16. Nxd5 Bxd5 17. Bxd5 exd5 18. Rxf5 Nf6 19. Raf1 Ne4 20. Qd3 Qd7 21. Ng4 Rae8 22. Bxh6 Bxh6 23. Rxd5 Qe6 24. Nf6+ Kg7 25. Re5 Nxf6 26. Rxe6 Rxe6 27. d5 Be3+ 28. Kh1 Re5 29. c4 Rfe8 30. Qe2 Nh5 31. Qf3 Bf4 32. Kg1 Be3+ 33. Kh1 Bf4 1/2-1/2

[Event "Calvi Balagne op 02nd"]
[Site "Calvi"]
[Date "2005.02.21"]
[Round "3"]
[White "Bouthier, Jacques"]
[Black "Zozulia, Anna"]
[Result "0-1"]
[WhiteElo "2022"]
[BlackElo "2411"]
[PlyCount "46"]
[EventDate "2005.02.20"]
[EventType "swiss"]
[EventRounds "9"]
[EventCountry "FRA"]
[SourceTitle "CBM 105 Extra"]
[Source "ChessBase"]
[SourceDate "2005.05.01"]
[SourceVersion "1"]
[SourceVersionDate "2005.05.01"]
[SourceQuality "1"]

1. e4 c5 2. Nf3 Nc6 3. d4 cxd4 4. Nxd4 e5 5. Nb5 d6 6. N1c3 a6 7. Na3 b5 8. Nd5 Nf6 9. Bg5 Be7 10. Bxf6 Bxf6 11. c3 Ne7 12. Nxf6+ gxf6 13. Nc2 Bb7 14. Bd3 d5 15. exd5 Qxd5 16. Ne3 Qe6 17. a4 Rd8 18. Qc2 Nd5 19. Nf5 0-0 20. 0-0 e4 21. Bxe4 Nb4 22. Nh6+ Kg7 23. cxb4 Bxe4 0-1

[Event "Paris Apsap op 52nd"]
[Site "Paris"]
[Date "2002.04.20"]
[Round "8"]
[White "Labat, Christian"]
[Black "Bouthier, Jacques"]
[Result "1-0"]
[WhiteElo "1870"]
[BlackElo "2060"]
[PlyCount "83"]
[EventDate "2002.04.17"]
[EventType "swiss"]
[EventRounds "9"]
[EventCountry "FRA"]
[SourceTitle "EXT 2003"]
[Source "ChessBase"]
[SourceDate "2002.11.25"]
[SourceVersion "1"]
[SourceVersionDate "2002.11.25"]
[SourceQuality "1"]

1. e4 c5 2. b4 cxb4 3. d4 d5 4. e5 Bf5 5. g4 Bg6 6. Bb5+ Nc6 7. h4 h5 8. e6 Qd6 9. exf7+ Bxf7 10. g5 a6 11. Be2 e5 12. c3 Nge7 13. Rh3 e4 14. cxb4 Nf5 15. Bb2 g6 16. Nd2 Bg7 17. Nb3 0-0 18. a3 b6 19. Rc1 Be6 20. Rhc3 Bd7 21. Bxa6 e3 22. fxe3 Rxa6 23. b5 Ncxd4 24. bxa6 Qg3+ 25. Kd2 Qf2+ 26. Ne2 Nf3+ 27. Kc2 Nxe3+ 28. Rxe3 Qxe3 29. Bxg7 Kxg7 30. Kb2 Qe5+ 31. Nbd4 Bb5 32. Rc7+ Kg8 33. Qc2 Rf5 34. a7 Nxd4 35. a8Q+ Be8 36. Nxd4 Qxd4+ 37. Qc3 Rf2+ 38. Kb3 Qd1+ 39. Qc2 Qf3+ 40. Qc3 Qe4 41. Qc2 Qf3+ 42. Rc3 1-0

[Event "FRA-chT2S 9798"]
[Site "France"]
[Date "1998.??.??"]
[Round "7"]
[White "Bouthier, Jacques"]
[Black "Guerin, Gilles"]
[Result "0-1"]
[WhiteElo "1890"]
[BlackElo "1990"]
[PlyCount "120"]
[EventDate "1997.??.??"]
[EventType "team"]
[EventRounds "9"]
[EventCountry "FRA"]
[SourceTitle "EXT 2003"]
[Source "ChessBase"]
[SourceDate "2002.11.25"]
[SourceVersion "1"]
[SourceVersionDate "2002.11.25"]
[SourceQuality "1"]

1. e4 e5 2. Nf3 d6 3. d4 exd4 4. Qxd4 Nc6 5. Bb5 Bd7 6. Bxc6 Bxc6 7. Nc3 Nf6 8. Bg5 Be7 9. 0-0-0 0-0 10. Rhe1 Nd7 11. Bxe7 Qxe7 12. Nd2 Rfe8 13. f4 Qf6 14. Qf2 a5 15. g4 g5 16. Rf1 gxf4 17. g5 Qe5 18. Nf3 Qc5 19. Nd4 Bxe4 20. Qxf4 Bg6 21. h4 Qe5 22. Qg4 Qe3+ 23. Kb1 Ne5 24. Qg2 Nc4 25. Nd5 Qe5 26. Nf6+ Kh8 27. Qf2 Ne3 28. Rfe1 Nxd1 29. Rxe5 Nxf2 30. Rxe8+ Rxe8 31. Nxe8 c5 32. Nb5 d5 33. Nf6 d4 34. Nd6 d3 35. cxd3 b5 36. b3 Bxd3+ 37. Kc1 Kg7 38. Kd2 Bb1 39. a3 Ba2 40. b4 cxb4 41. axb4 axb4 42. Nxb5 Kg6 43. Ke3 Nh3 44. Ng4 Kh5 45. Nf6+ Kg6 46. Ng4 Be6 47. Ne5+ Kh5 48. Nd4 Kxh4 49. g6 hxg6 50. Nxg6+ fxg6 51. Nxe6 Kg4 52. Nd4 Nf4 53. Nb3 Ne6 54. Nd2 Nc5 55. Kd4 Na6 56. Ke4 g5 57. Nb3 Kg3 58. Ke3 g4 59. Kd2 Kg2 60. Ke2 Nc5 0-1